Loading...
History - European History | 0 | 2 | 0 | 0 | 20 | 76 | 86.00 | 2 | 2 |
History - American History | 0 | 2 | 0 | 0 | 20 | 86 | 110.00 | 2 | 2 |
Science - Biology | 0 | 1 | 0 | 0 | 10 | 64 | 64.00 | 1 | 1 |
Fine Arts - Other Fine Arts | 0 | 1 | 0 | 0 | 10 | 148 | 148.00 | 1 | 1 |
Fine Arts - Classical Music | 0 | 1 | 0 | 0 | 10 | 133 | 133.00 | 0 | 1 |
History - Other History | 0 | 1 | 0 | 1 | 10 | 133 | 133.00 | 1 | 1 |
History - World History | 0 | 1 | 0 | 0 | 10 | 51 | 51.00 | 1 | 1 |
Literature - British Literature | 0 | 1 | 0 | 0 | 10 | 98 | 98.00 | 1 | 1 |
Literature - European Literature | 0 | 1 | 0 | 0 | 10 | 117 | 117.00 | 1 | 1 |
Literature - World Literature | 0 | 1 | 0 | 0 | 10 | 147 | 147.00 | 1 | 1 |
Philosophy | 0 | 1 | 0 | 0 | 10 | 129 | 129.00 | 1 | 1 |
Religion | 0 | 1 | 0 | 0 | 10 | 70 | 70.00 | 0 | 1 |
Fine Arts - Painting & Sculpture | 0 | 0 | 0 | 0 | 0 | 0.00 | 0 | 0 |